Hidden Animals - Statistics

General Stats
  • This quiz has been taken 46 times
    45 since last reset
  • The average score is 9 of 18
Answer Stats
Hint Answer % Correct
I earned that merit badge regardless of what you may think. Badger
74%
I must commandeer those boxes of supplies I'm afraid. Deer
70%
You were kind and behaved so unselfishly. Fish
70%
Blackbeard was a notorious English pirate. Bear
65%
There are a trillion reasons we shouldn't go there. Lion
65%
I like nachos with cream and guacamole. Mole
65%
I will eat loads as my skirt's waistline is expandable. Panda
61%
Your car's posh with its autoadjusting seats! Toad
61%
The bowling alley is empty tonight. Owl
57%
Roy Orbison - wasn't he the singer with dark glasses? Bison
39%
I couldn't be jealouser than when admiring your paintings. Louse
39%
Don't smother me with your interfering notions! Moth
39%
I'm not just anti-gerbil. I'm against all kinds of rodents (*no, you can't have gerbil or rodent). Tiger
39%
Ass
35%
Ox
35%
Rat
35%
If you organised your papers properly, there'd be less scrabbling about. Crab
30%
Ape
17%
No matching quizzes found
Score Distribution
Percent of People with Each Score
Percentile by Number Answered
Your Score History
You have not taken this quiz since the last reset